00461pab a2200145 454500008004000000100001700040245010300057260000900160300001400169362001200183650004100195650002400236700001600260773003900276180718b2007 xxu||||| |||| 00| 0 eng d aVatta, Kamal aIncome diversification among rural households in Punjab: dynamics, impacts and policy implications c2007 ap.723-36. aOct-Dec aIncome distribution - India - Punjab aIncome distribution aSidhu, R.S. aIndian Journal of Labour Economics